| 000 | 00441nam a2200157 i 4500 | ||
|---|---|---|---|
| 001 | 100430 | ||
| 003 | ES-MaACL | ||
| 005 | 20230906182655.0 | ||
| 007 | t| | ||
| 008 | 050928s1933 uy ||||1| spa d | ||
| 100 | 1 |
_aMasanés, Arturo Carlos. _978667 |
|
| 245 | 1 | 0 |
_aEn zig-zag por los paralelos / _cArturo Carlos Masanés. |
| 260 |
_aMontevideo : _bEl siglo ilustrado, _c1933. |
||
| 300 |
_a133 p. ; _c16 cm. |
||
| 852 |
_aES-MaACL _jA-4099 |
||
| 999 |
_c100430 _d100430 |
||